00461nam a2200181Ia 450000500170000000800410001702000180005804100080007608200130008410000140009724500310011125000110014226000430015330000090019650000240020565000230022970000270025220230426233201.0230125s9999 xx 000 0 und d a9789385724855 aeng a658bMUT aMuthiah S aOffice Chai Planter's Brew aEd.1st c2016bWestland PublicationsaNew Delhi a525p aGeneral Management  aGeneral Management aMuthiah S & Ranjitha A